Marvel Heroes by Real Names #20 - Statistics

General Stats
  • This quiz has been taken 11 times
  • The average score is 13 of 25
Answer Stats
Name Answer % Correct
Natalia Romanova/Natasha Romanoff Black Widow
100%
Adam Warlock Warlock
100%
Katherine "Kitty" Pryde Shadowcat
90%
Genis-Vell Captain Marvel
80%
Alexander "Alex" Summers Havok
80%
unknown; little purple space dragon Lockheed
80%
Colleen Wing Colleen Wing
70%
Thena Corona
70%
Hogun the ____ Hogun the Grim
70%
Jim Hammond Human Torch
50%
Marrina Smallwood Marrina
50%
Eric Masterson Thunderstrike
50%
Christopher Powell Darkhawk
40%
Blaine Colt Kid Colt
40%
Claudette & Nicole St. Croix M-Twins
40%
Victor Alvarez Power Man
40%
Roxanne Washington Bling!
30%
Theodore "Teddy" Altman Hulkling
30%
Craig Hollis Mister Immortal
30%
Brock Jones Torpedo
30%
Charles Chandler 3D-Man
20%
Tara Virango Enigma
20%
Heather Cameron Lifeguard
20%
Andrea Margulies Rubbermaid
20%
Hope Abbott Trance
20%
No matching quizzes found
Score Distribution
Percent of People with Each Score
Percentile by Number Answered
Your Score History
You have not taken this quiz